00985nam a2200301 a 450000100060000000300100000600500170001600700030003300800410003602000180007704000300009504100080012504300120013308200230014508400150016810000340018324000370021724500590025425000180031330000210033133600270035233700330037933800280041249000250044065000800046565100660054565100720061160080CO-BoRNBP20251209165646.0ta130621s2012 ck gr 000 0dspa d a9789584614179 aCO-BoBLA bspa cCO-BoBLA0 aspa as-ck---04a304.82 bB87c 219 aN INM2 V.21 aBurbano, Hernán A., d1978-10aNariño-Bibliografía regional13aEl confort de la cotidianidad / cHernán A. Burbano. a1a. edición a109 p ; c15 cm. 2rdacontentatextobtxt 2rdamediaasin mediaciónbn 2rdacarrieravolumenbnc0 aInmigrantes II ; v2 7aInmigrantes colombianosz Leipzig (Alemania)x Relatos personales.2BLAAUTO 7aColombiax Emigración e inmigraciónx Relatos personales. 7aLeipzig (Alemania)x Vida social y costumbresx Relatos personales.